| 000 | 00661nam a2200217Ia 4500 | ||
|---|---|---|---|
| 001 | 5579 | ||
| 003 | GE_BSU | ||
| 008 | 181216s||||||||xx |||||||||||||| ||und|| | ||
| 040 | _cGE_BSU | ||
| 080 | _a519.21 | ||
| 100 | _aКасандрова О.Н: В.В. Лебедев. | ||
| 245 | _aОбработка результатов наблюдений | ||
| 245 | _bУчеб пособие для сеуд. вузов | ||
| 245 | _cРед. А.Н.Руденко | ||
| 260 | _aМосква | ||
| 260 | _bНаука | ||
| 260 | _c1970 | ||
| 300 | _a103 с 20 см. | ||
| 653 | _aОбработка результатов наблюдений | ||
| 942 | _cBK | ||
| 999 |
_c39053 _d39053 |
||